000
00345nam a2200133 a 4500
005
20140412111414.0
008
070703s19uu xx 00 eng d
020
_a
0-307-98873-2
050
_a
ER
_b
M115 1995
100
_a
Mayer, Gina
245
_a
Just a bad day /
_c
Gina Mayer.
260
_a
New York :
_b
Golden books,
_c
1995.
999
_c
105754
_d
105754